[Event "Calabria Province-ch"]
[Site "San Fili"]
[Date "2007.06.08"]
[Round "1"]
[White "Malta, Gaetano"]
[Black "Licciulli, Fabio"]
[Result "1/2-1/2"]
[WhiteElo "1685"]
[BlackElo "1954"]
[PlyCount "86"]
[EventDate "2007.06.08"]
[EventType "swiss"]
[EventRounds "5"]
[EventCountry "ITA"]
[SourceTitle "EXT 2010"]
[Source "ChessBase"]
[SourceDate "2010.11.25"]
[SourceVersion "1"]
[SourceVersionDate "2010.11.25"]
[SourceQuality "1"]

1. e4 e6 2. d4 d5 3. exd5 Qxd5 4. Nc3 Bb4 5. Nf3 Nf6 6. Bd2 Bxc3 7. Bxc3 0-0 8. Bd3 b6 9. 0-0 Ba6 10. Bxa6 Nxa6 11. Qd3 Nb8 12. Rfe1 Nbd7 13. Ne5 a5 14. Re3 Rad8 15. Rae1 Nxe5 16. Rxe5 Qxa2 17. b3 Qa3 18. R1e3 Qd6 19. Rg5 Qf4 20. Rgg3 Nd5 21. Re4 Qc1+ 22. Re1 Qh6 23. Bd2 Qh5 24. Rg5 Qh4 25. Re4 Nb4 26. Rxh4 Nxd3 27. cxd3 f6 28. Rg3 Rd5 29. Re4 Kf7 30. Rge3 Re8 31. Re1 Rb5 32. Rb1 a4 33. b4 Rd8 34. Ra1 Ra8 35. Ra3 Rd5 36. Bc3 b5 37. Re1 Rad8 38. Rc1 c6 39. Bb2 Rc8 40. Rac3 Rxd4 41. Ba3 Rd6 42. Kf1 Ke7 43. Ke2 Kd7 1/2-1/2

[Event "Cosenza Province-ch"]
[Site "Rossano"]
[Date "2006.02.18"]
[Round "1"]
[White "Falbo, Salvatore"]
[Black "Malta, Gaetano"]
[Result "1/2-1/2"]
[WhiteElo "1472"]
[BlackElo "1718"]
[PlyCount "114"]
[EventDate "2006.02.18"]
[EventType "swiss"]
[EventRounds "6"]
[EventCountry "ITA"]
[SourceTitle "EXT 2024"]
[Source "ChessBase"]
[SourceDate "2023.10.10"]
[SourceVersion "1"]
[SourceVersionDate "2023.10.10"]
[SourceQuality "1"]

1. e4 c5 2. Nf3 e6 3. d4 cxd4 4. Nxd4 a6 5. Bd3 Qc7 6. Nc3 b5 7. Qf3 Be7 8. Be3 Bb7 9. a3 Bf6 10. 0-0 Ne7 11. Qg4 Nbc6 12. Nf3 Ne5 13. Bf4 Nxg4 14. Bxc7 Rc8 15. Ba5 Nc6 16. Bb6 Nge5 17. Be2 Nxf3+ 18. Bxf3 Ne5 19. Rfe1 Nxf3+ 20. gxf3 Bxc3 21. bxc3 Rxc3 22. Kg2 Rxc2 23. Rec1 Rxc1 24. Rxc1 Ke7 25. Rc7 Bc6 26. Kg3 Rb8 27. Bc5+ Kd8 28. Bd6 Rc8 29. Ra7 Ra8 30. Rc7 a5 31. Kf4 b4 32. axb4 a4 33. b5 Bxb5 34. Rc3 Ra6 35. Bf8 g6 36. Bg7 d6 37. Kg5 a3 38. Rc1 e5 39. Rd1 Kc7 40. f4 a2 41. fxe5 dxe5 42. Bxe5+ Kc6 43. Kh6 Bc4 44. Kxh7 Rb6 45. Rd6+ Kb5 46. Rxb6+ Kxb6 47. Bd4+ Kb5 48. e5 Kb4 49. f4 Kb3 50. Kh6 Kc2 51. Kg5 Be6 52. h4 Kb1 53. h5 gxh5 54. Kxh5 a1Q 55. Bxa1 Kxa1 56. Kg5 Kb2 57. Kf6 Kc3 1/2-1/2

[Event "ITA-ch sf"]
[Site "Massafra"]
[Date "2005.06.23"]
[Round "6"]
[White "Malta, Gaetano"]
[Black "Di Michele, Rocco"]
[Result "1-0"]
[WhiteElo "1718"]
[BlackElo "2089"]
[PlyCount "101"]
[EventDate "2005.06.18"]
[EventType "swiss"]
[EventRounds "7"]
[EventCountry "ITA"]
[SourceTitle "CBM 106 Extra"]
[Source "ChessBase"]
[SourceDate "2005.07.01"]
[SourceVersion "1"]
[SourceVersionDate "2005.07.01"]
[SourceQuality "1"]

1. e4 c6 2. d4 d5 3. exd5 cxd5 4. Bd3 Nc6 5. c3 Nf6 6. Bf4 Bg4 7. Qb3 Qd7 8. h3 Bh5 9. Nd2 e6 10. Ngf3 Bxf3 11. Nxf3 Bd6 12. Bxd6 Qxd6 13. Qxb7 Rb8 14. Qa6 0-0 15. Rb1 Rb6 16. Qa4 Rfb8 17. Qc2 e5 18. dxe5 Nxe5 19. Nxe5 Qxe5+ 20. Qe2 Qxe2+ 21. Kxe2 Rxb2+ 22. Kf3 Kf8 23. Rhe1 R8b6 24. Rxb2 Rxb2 25. Re2 Rb6 26. Re3 g6 27. Bc2 Rb2 28. Bb3 Rd2 29. Re2 Ne4 30. Rxd2 Nxd2+ 31. Ke3 Nxb3 32. axb3 Ke7 33. Kd4 Kd6 34. b4 a6 35. h4 f6 36. g3 g5 37. hxg5 fxg5 38. g4 h6 39. f3 Ke6 40. Kc5 Ke5 41. Kb6 Kf4 42. Kxa6 Kxf3 43. b5 h5 44. gxh5 g4 45. h6 g3 46. h7 g2 47. h8Q g1Q 48. Qf6+ Ke2 49. Qe5+ Kf3 50. Qxd5+ Ke2 51. Qe4+ 1-0